[Event "NRW-ch"]
[Site "Herne"]
[Date "2007.10.03"]
[Round "5"]
[White "Schischke, Reinhard"]
[Black "Michalik, Friedhelm"]
[Result "1/2-1/2"]
[WhiteElo "2117"]
[BlackElo "2231"]
[PlyCount "25"]
[EventDate "2007.09.29"]
[EventType "swiss"]
[EventRounds "7"]
[EventCountry "GER"]
[SourceTitle "EXT 2008"]
[Source "ChessBase"]
[SourceDate "2007.11.25"]
[SourceVersion "1"]
[SourceVersionDate "2007.11.25"]
[SourceQuality "1"]

1. d4 Nf6 2. c4 g6 3. Nf3 Bg7 4. g3 0-0 5. Bg2 d6 6. 0-0 Nc6 7. Nc3 Bf5 8. Nh4 Bd7 9. Nf3 e5 10. dxe5 dxe5 11. Nd5 Nxd5 12. cxd5 Nd4 13. Nxd4 1/2-1/2

[Event "NRW-ch"]
[Site "Herne"]
[Date "2007.10.01"]
[Round "3"]
[White "Vogel, Christian"]
[Black "Schischke, Reinhard"]
[Result "1/2-1/2"]
[WhiteElo "2160"]
[BlackElo "2231"]
[PlyCount "29"]
[EventDate "2007.09.29"]
[EventType "swiss"]
[EventRounds "7"]
[EventCountry "GER"]
[SourceTitle "EXT 2008"]
[Source "ChessBase"]
[SourceDate "2007.11.25"]
[SourceVersion "1"]
[SourceVersionDate "2007.11.25"]
[SourceQuality "1"]

1. e4 e6 2. d4 d5 3. e5 b6 4. c3 Ne7 5. Nf3 Qd7 6. Be3 Ba6 7. Bxa6 Nxa6 8. Qd3 Nb8 9. Nbd2 Nbc6 10. 0-0 f6 11. Rfe1 fxe5 12. dxe5 Ng6 13. Bg5 Be7 14. Nb3 0-0 15. Bd2 1/2-1/2

[Event "VEM Suedwestfalen"]
[Site "Hachen"]
[Date "2005.05.09"]
[Round "1"]
[White "Flotow, Juergen"]
[Black "Schischke, Reinhard"]
[Result "1/2-1/2"]
[WhiteElo "2069"]
[BlackElo "2214"]
[PlyCount "49"]
[EventDate "2005.05.09"]
[EventType "tourn"]
[EventRounds "7"]
[EventCountry "GER"]
[SourceTitle "EXT 2006"]
[Source "ChessBase"]
[SourceDate "2005.11.24"]
[SourceVersion "1"]
[SourceVersionDate "2005.11.24"]
[SourceQuality "1"]

1. d4 Nf6 2. Nf3 e6 3. g3 b6 4. Bg2 Bb7 5. 0-0 Be7 6. c4 d5 7. b3 0-0 8. Bb2 dxc4 9. bxc4 Na6 10. Ne5 Bxg2 11. Kxg2 c5 12. Nc6 Qd7 13. Nxe7+ Qxe7 14. e3 Rfd8 15. Nd2 Qb7+ 16. Qf3 Qxf3+ 17. Kxf3 cxd4 18. exd4 Nb4 19. Nb3 Rac8 20. c5 bxc5 21. dxc5 Nxa2 22. Rxa2 Rd3+ 23. Kg2 Rxb3 24. Bxf6 gxf6 25. Rxa7 1/2-1/2

[Event "NRW-ch"]
[Site "Uebach Palenberg"]
[Date "2000.10.01"]
[Round "2"]
[White "Bock, Juergen"]
[Black "Schischke, Reinhard"]
[Result "1/2-1/2"]
[WhiteElo "2245"]
[BlackElo "2265"]
[PlyCount "92"]
[EventDate "2000.10.??"]
[EventType "tourn"]
[EventRounds "9"]
[EventCountry "GER"]
[SourceTitle "EXT 2006"]
[Source "ChessBase"]
[SourceDate "2005.11.24"]
[SourceVersion "1"]
[SourceVersionDate "2005.11.24"]
[SourceQuality "1"]

1. d4 Nf6 2. c4 d6 3. Nc3 Nbd7 4. Nf3 e5 5. Bg5 Be7 6. e3 Ng8 7. Bxe7 Nxe7 8. Qc2 0-0 9. 0-0-0 Ng6 10. Bd3 Re8 11. Bf5 Ndf8 12. h4 Bxf5 13. Qxf5 Qc8 14. Qc2 exd4 15. Nxd4 a6 16. h5 Ne5 17. h6 g6 18. Nd5 Qd8 19. Kb1 c6 20. Nf4 Qa5 21. Nd3 Ne6 22. Nb3 Qc7 23. Qc3 f6 24. Nd4 Qf7 25. Nxe6 Qxe6 26. Nxe5 dxe5 27. Rd2 Rad8 28. Rhd1 Rxd2 29. Rxd2 Kf7 30. c5 Re7 31. Rd6 Qf5+ 32. Kc1 Qxf2 33. Qc4+ Kf8 34. Rd8+ Re8 35. Rxe8+ Kxe8 36. Qg8+ Ke7 37. Qxh7+ Ke6 38. Qg8+ Kf5 39. h7 Qxe3+ 40. Kc2 Qxc5+ 41. Kb3 Qb6+ 42. Kc4 Qd4+ 43. Kb3 Qd3+ 44. Ka4 Qb5+ 45. Ka3 Qa5+ 46. Kb3 Qb6+ 1/2-1/2

[Event "Oberliga NRW 9899 I"]
[Site "Germany"]
[Date "1999.05.06"]
[Round "9.2"]
[White "Kohlweyer, Bernd"]
[Black "Schischke, Reinhard"]
[Result "1-0"]
[WhiteElo "2430"]
[BlackElo "2300"]
[PlyCount "59"]
[EventDate "1998.10.10"]
[EventType "team"]
[EventRounds "9"]
[EventCountry "GER"]
[SourceTitle "EXT 2000"]
[Source "ChessBase"]
[SourceDate "1999.11.16"]
[SourceVersion "1"]
[SourceVersionDate "1999.11.16"]
[SourceQuality "1"]
[WhiteTeam "Essen Borbeck"]
[BlackTeam "Siegen"]
[WhiteTeamCountry "GER"]
[BlackTeamCountry "GER"]

1. d4 Nf6 2. c4 d6 3. Nc3 Nbd7 4. Nf3 e5 5. Bg5 h6 6. Bh4 c6 7. e3 Qa5 8. Qd2 exd4 9. exd4 d5 10. Bd3 dxc4 11. Bxc4 Nb6 12. Qe3+ Be7 13. Bxf6 gxf6 14. Bb3 Nd5 15. Bxd5 cxd5 16. 0-0 Be6 17. Rac1 f5 18. Ne2 Qxa2 19. Qe5 0-0 20. Nf4 Qa6 21. Nh5 f6 22. Qg3+ Kf7 23. Qg7+ Ke8 24. Qxh6 Kd7 25. Rfe1 Qd6 26. Ng7 Rh8 27. Qe3 f4 28. Qxe6+ Qxe6 29. Nxe6 Bb4 30. Nc5+ 1-0

[Event "Oberliga NRW 9899 I"]
[Site "Germany"]
[Date "1999.??.??"]
[Round "8.2"]
[White "Schischke, Reinhard"]
[Black "Raetsky, Alexander"]
[Result "1-0"]
[WhiteElo "2300"]
[BlackElo "2440"]
[PlyCount "85"]
[EventDate "1998.10.10"]
[EventType "team"]
[EventRounds "9"]
[EventCountry "GER"]
[SourceTitle "EXT 2000"]
[Source "ChessBase"]
[SourceDate "1999.11.16"]
[SourceVersion "1"]
[SourceVersionDate "1999.11.16"]
[SourceQuality "1"]
[WhiteTeam "Siegen"]
[BlackTeam "Bochum II"]
[WhiteTeamCountry "GER"]
[BlackTeamCountry "GER"]

1. c4 e5 2. Nc3 Nf6 3. Nf3 Nc6 4. e3 Bb4 5. Qb3 a5 6. a3 Bxc3 7. Qxc3 Qe7 8. d4 Ne4 9. Qd3 exd4 10. Nxd4 Nc5 11. Qd1 Nxd4 12. Qxd4 0-0 13. Qc3 a4 14. Bd2 Ra6 15. Qc2 Nb3 16. Rd1 Rg6 17. Bd3 Rxg2 18. Bxh7+ Kh8 19. Qe4 Qxe4 20. Bxe4 Rg4 21. f3 Rh4 22. Bc3 d6 23. Kf2 Nc5 24. Bc2 Rxc4 25. Rdg1 f6 26. h4 Be6 27. h5 Bg8 28. Bg6 Ne6 29. h6 Rc5 30. f4 gxh6 31. Rxh6+ Kg7 32. Rh3 Ra8 33. Be4+ Kf7 34. Bxb7 Rb8 35. Be4 Ke7 36. Rh8 f5 37. Bf3 Rxc3 38. bxc3 Rb2+ 39. Kg3 Bf7 40. Ra8 Nc5 41. Ra7 Kd7 42. Rh1 Rb3 43. Rh7 1-0

[Event "Oberliga NRW 9697 II"]
[Site "Germany"]
[Date "1997.??.??"]
[Round "8.2"]
[White "Lingnau, Carsten"]
[Black "Schischke, Reinhard"]
[Result "0-1"]
[WhiteElo "2395"]
[BlackElo "2290"]
[PlyCount "86"]
[EventDate "1996.10.??"]
[EventType "team"]
[EventRounds "9"]
[EventCountry "GER"]
[SourceTitle "EXT 1998"]
[Source "ChessBase"]
[SourceDate "1997.11.17"]
[SourceVersion "1"]
[SourceVersionDate "1997.11.17"]
[SourceQuality "1"]
[WhiteTeam "Enger Spenge"]
[BlackTeam "Siegen"]
[WhiteTeamCountry "GER"]
[BlackTeamCountry "GER"]

1. Nf3 d5 2. d4 Nf6 3. c4 e6 4. g3 Ne4 5. Bg2 Bb4+ 6. Bd2 Bxd2+ 7. Nbxd2 Nc6 8. 0-0 0-0 9. a3 Nxd2 10. Qxd2 dxc4 11. Qc3 Qd6 12. Rfd1 Rd8 13. Rd2 Bd7 14. Qxc4 Be8 15. Rc1 a5 16. e3 a4 17. Rc3 Ra5 18. h4 b5 19. Qe2 b4 20. axb4 Nxb4 21. Ng5 Nd5 22. Rc1 Nf6 23. Rdc2 Bb5 24. Qe1 Ra7 25. Rc5 Be8 26. Qc3 Rb8 27. e4 Qd8 28. e5 Nd5 29. Bxd5 exd5 30. Qc2 g6 31. Rxc7 Rxc7 32. Qxc7 Qxc7 33. Rxc7 h6 34. Nh3 Rxb2 35. Nf4 a3 36. Ra7 a2 37. Kg2 Bb5 38. e6 fxe6 39. Nxe6 Bc4 40. Rg7+ Kh8 41. Rf7 Rb8 42. Ra7 Rb6 43. Nf4 Ra6 0-1

[Event "Oberliga NRW 9697 II"]
[Site "Germany"]
[Date "1996.??.??"]
[Round "2.2"]
[White "Galdunts, Sergey"]
[Black "Schischke, Reinhard"]
[Result "1-0"]
[WhiteElo "2450"]
[BlackElo "2290"]
[PlyCount "77"]
[EventDate "1996.10.??"]
[EventType "team"]
[EventRounds "9"]
[EventCountry "GER"]
[SourceTitle "EXT 1998"]
[Source "ChessBase"]
[SourceDate "1997.11.17"]
[SourceVersion "1"]
[SourceVersionDate "1997.11.17"]
[SourceQuality "1"]
[WhiteTeam "Bonn Beuel"]
[BlackTeam "Siegen"]
[WhiteTeamCountry "GER"]
[BlackTeamCountry "GER"]

1. e4 e5 2. Nf3 Nc6 3. Bb5 Nf6 4. Qe2 Bc5 5. c3 0-0 6. 0-0 Re8 7. d3 d6 8. Bg5 Bd7 9. Nbd2 a6 10. Ba4 Nb8 11. Bb3 Be6 12. Bc2 Bg4 13. h3 Bh5 14. d4 Ba7 15. dxe5 dxe5 16. Rfd1 h6 17. Nc4 Qe7 18. Bh4 g5 19. Bg3 Nbd7 20. Bh2 g4 21. hxg4 Nxg4 22. Bg3 b5 23. Na5 Bb6 24. Nc6 Qe6 25. Nb4 Ngf6 26. Nd5 Nxd5 27. Rxd5 c6 28. Rd2 Qg4 29. Kf1 Bc7 30. Qe3 Kh7 31. Bd1 Qe6 32. Nh4 Bg6 33. Bb3 Qe7 34. Rad1 Nf6 35. f3 Rad8 36. Bf2 Nd7 37. Nxg6 fxg6 38. Qa7 Nf8 39. Bc5 1-0

[Event "Oberliga NRW 9596 I"]
[Site "Germany"]
[Date "1996.??.??"]
[Round "?.2"]
[White "Schischke, Reinhard"]
[Black "Goergens, Albert"]
[Result "0-1"]
[WhiteElo "2335"]
[BlackElo "2215"]
[PlyCount "72"]
[EventDate "1995.10.??"]
[EventType "team"]
[EventRounds "9"]
[EventCountry "GER"]
[SourceTitle "GER"]
[Source "ChessBase"]
[SourceDate "1999.07.01"]
[SourceVersion "1"]
[SourceVersionDate "1999.07.01"]
[SourceQuality "1"]
[WhiteTeam "Siegen"]
[BlackTeam "Pulheim"]
[WhiteTeamCountry "GER"]
[BlackTeamCountry "GER"]

1. Nf3 d5 2. b3 Nf6 3. Bb2 Bf5 4. e3 e6 5. Be2 Nbd7 6. Nh4 Bg6 7. 0-0 Bd6 8. f4 c6 9. a4 Ne4 10. Nf3 0-0 11. d3 Nef6 12. Ne5 Qc7 13. d4 Ne4 14. c4 Nxe5 15. dxe5 Bb4 16. cxd5 cxd5 17. g4 h6 18. f5 Bh7 19. Bd4 Rfc8 20. Na3 a6 21. Bd3 Bc3 22. Rc1 Qe7 23. Bxe4 Bxd4 24. exd4 Qxa3 25. Rxc8+ Rxc8 26. Bb1 Qb2 27. fxe6 fxe6 28. Bxh7+ Kxh7 29. g5 Rc2 30. Qg4 g6 31. Qf4 hxg5 32. Qf7+ Kh6 33. Qf8+ Kh5 34. Qf3+ g4 35. Qf4 Rg2+ 36. Kh1 Rd2 0-1

[Event "Berliner Sommer 14th"]
[Site "Berlin"]
[Date "1996.??.??"]
[Round "3"]
[White "Teschke, Olaf"]
[Black "Schischke, Reinhard"]
[Result "1/2-1/2"]
[WhiteElo "2110"]
[BlackElo "2290"]
[PlyCount "34"]
[EventDate "1996.08.??"]
[EventType "swiss"]
[EventRounds "9"]
[EventCountry "GER"]
[SourceTitle "CBM 054 Extra"]
[Source "ChessBase"]
[SourceDate "1996.11.01"]
[SourceVersion "1"]
[SourceVersionDate "1996.11.01"]
[SourceQuality "1"]

1. e4 e6 2. d4 d5 3. Nc3 dxe4 4. Nxe4 Nd7 5. g3 Ngf6 6. Bg2 Nxe4 7. Bxe4 Nf6 8. Bg2 c5 9. Ne2 Qb6 10. Be3 Bd7 11. dxc5 Bxc5 12. Bxc5 Qxc5 13. Qd4 Qxc2 14. Rc1 Qf5 15. 0-0 Qb5 16. Nc3 Qb6 17. Qxb6 axb6 1/2-1/2

[Event "Berliner Sommer 13th"]
[Site "Berlin"]
[Date "1995.??.??"]
[Round "5"]
[White "Schischke, Reinhard"]
[Black "Eingorn, Vereslav S"]
[Result "0-1"]
[WhiteElo "2335"]
[BlackElo "2600"]
[PlyCount "72"]
[EventDate "1995.08.??"]
[EventType "swiss"]
[EventRounds "9"]
[EventCountry "GER"]
[SourceTitle "CBM 047 Extra"]
[Source "ChessBase"]
[SourceDate "1995.09.01"]
[SourceVersion "1"]
[SourceVersionDate "1995.09.01"]
[SourceQuality "1"]

1. e4 c5 2. Nf3 a6 3. c3 e6 4. d4 d5 5. e5 Bd7 6. Be2 cxd4 7. Nxd4 Ne7 8. 0-0 Nbc6 9. Nxc6 Bxc6 10. Nd2 d4 11. c4 d3 12. Bf3 Qd4 13. Qb3 0-0-0 14. Re1 Qd7 15. Be4 Nf5 16. Qc3 Be7 17. Nb3 Bxe4 18. Rxe4 Qc6 19. Re1 g5 20. Be3 Nh4 21. f3 g4 22. Na5 Qc7 23. c5 Rd5 24. b4 gxf3 25. c6 b5 26. Nc4 bxc4 27. Qxc4 Kd8 28. Qxa6 Ke8 29. Bb6 Qxc6 30. Rec1 Rc5 31. Rxc5 f2+ 32. Kxf2 Qxg2+ 33. Ke3 Qe2+ 34. Kd4 Nf5+ 35. Kc4 d2+ 36. Kb3 Qxa6 0-1

[Event "Oberliga NRW 9394 I"]
[Site "Germany"]
[Date "1994.??.??"]
[Round "?"]
[White "Borngaesser, Rene"]
[Black "Schischke, Reinhard"]
[Result "1-0"]
[WhiteElo "2370"]
[BlackElo "2345"]
[PlyCount "71"]
[EventDate "1993.10.??"]
[EventType "team"]
[EventRounds "9"]
[EventCountry "GER"]
[SourceTitle "GER"]
[Source "ChessBase"]
[SourceDate "1999.07.01"]
[SourceVersion "1"]
[SourceVersionDate "1999.07.01"]
[SourceQuality "1"]

1. e4 c6 2. Nc3 d5 3. Nf3 dxe4 4. Nxe4 Nf6 5. Ng3 Bg4 6. Be2 Nbd7 7. b3 e6 8. Bb2 Qc7 9. 0-0 h5 10. Re1 h4 11. Nf1 0-0-0 12. Ng5 Bxe2 13. Qxe2 Nc5 14. d4 Na6 15. a3 c5 16. Rad1 Rd5 17. Nf3 Bd6 18. c4 Rf5 19. dxc5 Nxc5 20. b4 Ncd7 21. c5 Be7 22. Nd4 Re5 23. Ne3 a6 24. c6 Nb8 25. cxb7+ Qxb7 26. Ndf5 Rb5 27. Qc4+ Qc7 28. Nxe7+ Kb7 29. a4 Rb6 30. Qxc7+ Kxc7 31. Bxf6 gxf6 32. N7d5+ exd5 33. Nxd5+ Kc6 34. Nxb6 Kxb6 35. Rd6+ Kc7 36. Rxf6 1-0

[Event "Oberliga NRW 9394 I"]
[Site "Germany"]
[Date "1994.??.??"]
[Round "?"]
[White "Matthaei, Alexander"]
[Black "Schischke, Reinhard"]
[Result "0-1"]
[WhiteElo "2295"]
[BlackElo "2345"]
[PlyCount "83"]
[EventDate "1993.10.??"]
[EventType "team"]
[EventRounds "9"]
[EventCountry "GER"]
[SourceTitle "GER"]
[Source "ChessBase"]
[SourceDate "1999.07.01"]
[SourceVersion "1"]
[SourceVersionDate "1999.07.01"]
[SourceQuality "1"]

1. e4 e5 2. Nf3 Nc6 3. Bb5 Nf6 4. 0-0 Nxe4 5. d4 Be7 6. Qe2 d5 7. Nxe5 Bd7 8. Bxc6 Bxc6 9. Re1 Bd7 10. f3 Nd6 11. Nc3 c6 12. Bf4 Be6 13. Nd3 Nf5 14. Be5 0-0 15. g4 Nh4 16. Nf4 Bc8 17. Nh5 g6 18. Ng3 Bg5 19. Nh1 Bd7 20. f4 Be7 21. f5 Bf6 22. Ng3 Bxe5 23. dxe5 Qg5 24. Kh1 Rae8 25. Nce4 dxe4 26. Nxe4 Qe7 27. Qd2 Qxe5 28. Qh6 Bxf5 29. gxf5 Nxf5 30. Qg5 Qd5 31. c4 Qd8 32. Nf6+ Kh8 33. Red1 Qe7 34. Rf1 h6 35. Rxf5 hxg5 36. Rf3 Kg7 37. Raf1 g4 38. Nxe8+ Qxe8 39. Rf4 f5 40. c5 Qe3 41. Rc4 Rd8 42. Rc3 0-1

[Event "Oberliga NRW 9394 I"]
[Site "Germany"]
[Date "1994.??.??"]
[Round "?"]
[White "Schischke, Reinhard"]
[Black "Arkhipov, Sergey"]
[Result "0-1"]
[WhiteElo "2345"]
[BlackElo "2530"]
[PlyCount "78"]
[EventDate "1993.10.??"]
[EventType "team"]
[EventRounds "9"]
[EventCountry "GER"]
[SourceTitle "GER"]
[Source "ChessBase"]
[SourceDate "1999.07.01"]
[SourceVersion "1"]
[SourceVersionDate "1999.07.01"]
[SourceQuality "1"]

1. e4 c5 2. Nf3 g6 3. c3 Bg7 4. Bc4 e6 5. Qe2 Ne7 6. d4 cxd4 7. cxd4 d5 8. Bb5+ Bd7 9. exd5 Nxd5 10. Nc3 0-0 11. 0-0 Qa5 12. Bc4 Nxc3 13. bxc3 Nc6 14. Bd2 Rac8 15. Rab1 Qc7 16. Bd3 Rfe8 17. Ng5 Na5 18. Qf3 f6 19. Nxh7 Kxh7 20. Qh5+ Kg8 21. Bxg6 Bc6 22. Qh7+ Kf8 23. Rfe1 Nc4 24. Bc1 Qd7 25. f3 Nd6 26. h4 Nf7 27. Bxf7 Qxf7 28. Ba3+ Re7 29. h5 f5 30. Bxe7+ Kxe7 31. Qg6 Qxg6 32. hxg6 Bd5 33. Rb5 Kd6 34. Ra5 Rxc3 35. Rd1 a6 36. Ra4 Ke7 37. Rd2 Kf6 38. Rb4 Kxg6 39. Rb1 Ra3 0-1

[Event "NRW-ch"]
[Site "Wuppertal"]
[Date "1994.??.??"]
[Round "3"]
[White "Schischke, Reinhard"]
[Black "Matthias, Heiner"]
[Result "1/2-1/2"]
[WhiteElo "2345"]
[BlackElo "2320"]
[PlyCount "55"]
[EventDate "1994.??.??"]
[EventType "swiss"]
[EventRounds "7"]
[EventCountry "GER"]
[SourceTitle "EXT 2001"]
[Source "ChessBase"]
[SourceDate "2000.11.22"]
[SourceVersion "1"]
[SourceVersionDate "2000.11.22"]
[SourceQuality "1"]

1. d4 Nf6 2. Nf3 e6 3. c4 Bb4+ 4. Nbd2 0-0 5. a3 Bxd2+ 6. Qxd2 b6 7. g3 Ba6 8. Qc2 d5 9. b3 Nbd7 10. Bg2 dxc4 11. bxc4 c5 12. 0-0 Bb7 13. Rd1 cxd4 14. Rxd4 Qc7 15. Bf4 Qc8 16. Rad1 Re8 17. Ng5 Bxg2 18. Rxd7 Be4 19. Nxe4 Nxd7 20. Nd6 Qc6 21. Nxe8 Rxe8 22. Rd6 Qc8 23. Qa4 Nf6 24. Qxa7 Qxc4 25. Qxb6 Qxe2 26. Rd8 Qe1+ 27. Kg2 Qe4+ 28. Kg1 1/2-1/2

[Event "Oberliga NRW 9394 I"]
[Site "Germany"]
[Date "1994.??.??"]
[Round "?"]
[White "Schischke, Reinhard"]
[Black "Odendahl, Reiner"]
[Result "1/2-1/2"]
[WhiteElo "2345"]
[BlackElo "2295"]
[PlyCount "37"]
[EventDate "1993.10.??"]
[EventType "team"]
[EventRounds "9"]
[EventCountry "GER"]
[SourceTitle "GER"]
[Source "ChessBase"]
[SourceDate "1999.07.01"]
[SourceVersion "1"]
[SourceVersionDate "1999.07.01"]
[SourceQuality "1"]

1. d4 d5 2. c4 c6 3. Nf3 Nf6 4. Nc3 dxc4 5. a4 Bf5 6. e3 e6 7. Bxc4 Bb4 8. 0-0 Nbd7 9. Bd2 0-0 10. Qe2 Bg6 11. Ne4 Bxd2 12. Nxf6+ Qxf6 13. Qxd2 c5 14. Rfd1 Rfd8 15. Qc3 Bh5 16. Be2 cxd4 17. Rxd4 Nb6 18. Rad1 Rxd4 19. Qxd4 1/2-1/2